[Event "Open Est 2016-2017"]
[Site "Aubagne"]
[Date "2017.02.04"]
[Round "6.12"]
[White "Cavanihac, Claude"]
[Black "Rieu, Jean"]
[Result "1-0"]
[WhiteElo "1504"]
[BlackElo "1294"]
[PlyCount "60"]
[EventDate "2016.??.??"]
[WhiteTeam "Cercle d'Echecs Aubagnais"]
[BlackTeam "U.S.C.M."]

1. d4 Nf6 2. c4 e6 3. Nc3 Bb4 4. e3 Bxc3+ 5. bxc3 b6 6. Bd3 Bb7 7. f3 Nh5 8.
Qe2 Qh4+ 9. Qf2 Ng3 10. Qxg3 Qxg3+ 11. hxg3 h6 12. e4 Nc6 13. Ne2 Ba6 14. Be3
Na5 15. g4 Bxc4 16. Bxc4 Nxc4 17. Bf4 a5 18. Ng3 Nb2 19. Ke2 O-O-O 20. g5 d6
21. gxh6 g6 22. e5 dxe5 23. Bxe5 Rh7 24. Ne4 Nc4 25. Bf6 Rd7 26. Ng5 c5 27.
Nxh7 cxd4 28. cxd4 e5 29. Bxe5 Ra7 30. Kd3 b5 1-0

[Event "Open Est 2016-2017"]
[Site "Aubagne"]
[Date "2017.02.04"]
[Round "6.13"]
[White "Ghazarian, David"]
[Black "Rocchia, Alex"]
[Result "1-0"]
[WhiteElo "1456"]
[BlackElo "1289"]
[PlyCount "41"]
[EventDate "2016.??.??"]
[WhiteTeam "Cercle d'Echecs Aubagnais"]
[BlackTeam "Cercle d'Echecs Aubagnais"]

1. e4 e5 2. Nf3 Nc6 3. Bb5 d6 4. Bxc6+ bxc6 5. O-O Nf6 6. Re1 Be7 7. Nc3 O-O 8.
d4 exd4 9. Nxd4 Bb7 10. Bf4 c5 11. Nf5 Re8 12. Qd3 Bc6 13. Rad1 Rb8 14. e5 Nh5
15. exd6 Nxf4 16. Nxe7+ Kh8 17. Qf5 Nxg2 18. Nxc6 Rxe1+ 19. Rxe1 Qc8 20. Nxb8
Qxf5 21. Re8# 1-0

[Event "Open Est 2016-2017"]
[Site "Aubagne"]
[Date "2017.02.04"]
[Round "6.14"]
[White "Ralijaona, Gabriela"]
[Black "Bartolini, Manuela"]
[Result "1-0"]
[WhiteElo "1287"]
[BlackElo "1399"]
[PlyCount "127"]
[EventDate "2016.??.??"]
[WhiteTeam "Marseille Passion Echecs"]
[BlackTeam "Cercle d'Echecs Aubagnais"]

1. e4 e5 2. Nf3 d6 3. Bc4 h6 4. d3 Nf6 5. Be3 Nc6 6. c3 a6 7. Qb3 Qe7 8. a4 Rb8
9. Nbd2 Ng4 10. O-O Nxe3 11. fxe3 Na5 12. Qa2 Nxc4 13. Nxc4 Be6 14. b3 Qd7 15.
d4 f6 16. Rad1 Be7 17. dxe5 Qc6 18. exd6 cxd6 19. Nd4 Qxe4 20. Nxe6 Qxe6 21.
Qd2 Rd8 22. Rf4 g5 23. Rd4 Kf7 24. Qd3 Kg7 25. Re4 Qf7 26. Nb6 Rhe8 27. Nd5 Rd7
28. b4 Bd8 29. Rc4 Re5 30. b5 a5 31. b6 Qg6 32. Qxg6+ Kxg6 33. e4 h5 34. Kf2 h4
35. Ke3 f5 36. Rdd4 g4 37. g3 Bg5+ 38. Kf2 hxg3+ 39. hxg3 Rf7 40. Nf4+ Bxf4 41.
Rxd6+ Kg7 42. gxf4 fxe4 43. Ke3 Ree7 44. Rc5 Rf6 45. Rg5+ Kf7 46. Rxf6+ Kxf6
47. Rxg4 Kf5 48. Rg8 Re6 49. Ra8 Rxb6 50. Rxa5+ Kg4 51. Rg5+ Kh4 52. Kxe4 Rb3
53. Kd4 Rb1 54. Rg7 b6 55. f5 Rf1 56. Ke5 Kh5 57. Rg6 Re1+ 58. Kf6 Kh4 59. Kg7
Re7+ 60. Kf8 Rc7 61. f6 Kh5 62. Rg1 Rxc3 63. f7 Rf3 64. Kg7 1-0

[Event "Open Est 2016-2017"]
[Site "Aubagne"]
[Date "2017.02.04"]
[Round "6.16"]
[White "Pentcheff, Laura"]
[Black "Morata, Serge"]
[Result "0-1"]
[WhiteElo "1316"]
[BlackElo "1240"]
[PlyCount "114"]
[EventDate "2016.??.??"]
[WhiteTeam "Cassis Echecs"]
[BlackTeam "Cercle d'Echecs Aubagnais"]

1. d4 d5 2. Nf3 Nf6 3. g3 Bf5 4. Bg2 e6 5. O-O c5 6. c4 Nc6 7. Nc3 Be7 8. Bf4
O-O 9. Re1 Qb6 10. Na4 Qa5 11. Bd2 Qc7 12. dxc5 dxc4 13. Rc1 Rfd8 14. Rxc4 b5
15. cxb6 axb6 16. Rc1 Bb4 17. a3 Bxd2 18. Nxd2 Be4 19. Bxe4 Nxe4 20. Qc2 Nxd2
21. Red1 Rd6 22. b3 Rad8 23. b4 Qd7 24. Nxb6 Nf3+ 25. exf3 Rxd1+ 26. Rxd1 Qxd1+
27. Qxd1 Rxd1+ 28. Kg2 Ra1 29. b5 Na5 30. a4 Kf8 31. f4 Ke8 32. Kf3 Kd8 33. Ke4
Kc7 34. Na8+ Kb7 35. Kd4 Rxa4+ 36. Kc5 Rc4+ 37. Kd6 Kxa8 38. Ke7 Rc7+ 39. Kf8
g6 40. b6 Rb7 41. Kg8 f5 42. h4 Kb8 43. f3 Nc4 44. g4 h5 45. gxh5 gxh5 46. Kh8
Nd2 47. Kg8 Nxf3 48. Kh8 Nxh4 49. Kg8 Ng2 50. Kh8 Nxf4 51. Kg8 h4 52. Kh8 h3
53. Kg8 h2 54. Kf8 h1=Q 55. Kg8 Qh7+ 56. Kf8 Ng6+ 57. Ke8 Qh8# 0-1

[Event "Open Est 2016-2017"]
[Site "Aubagne"]
[Date "2017.10.01"]
[Round "6.17"]
[White "Denis, Alexandra"]
[Black "Salvi, Angele"]
[Result "1/2-1/2"]
[WhiteElo "1307"]
[BlackElo "1026"]
[PlyCount "57"]
[EventDate "2016.??.??"]
[WhiteTeam "Marseille Passion Echecs"]
[BlackTeam "Cercle d'Echecs Aubagnais"]

1. d4 Nf6 2. Bf4 Nd5 3. Bg3 e6 4. e3 Be7 5. c4 Nf6 6. Nf3 O-O 7. Bd3 d5 8. Qc2
g6 9. cxd5 Nxd5 10. h4 Nb4 11. Qc3 Nxd3+ 12. Qxd3 Nc6 13. a3 Bd7 14. h5 g5 15.
Ne5 Nxe5 16. Bxe5 f6 17. Bg3 Be8 18. Qe4 Qd5 19. Qxd5 exd5 20. Bxc7 Rc8 21. Ba5
Rc1+ 22. Ke2 Rxh1 23. g4 Bb5+ 24. Kd2 Rf1 25. f4 Rf2+ 26. Kc1 Rc8+ 27. Bc3 Rf1+
28. Kd2 Rf2+ 29. Kc1 1/2-1/2

[Event "Open Est 2016-2017"]
[Site "Aubagne"]
[Date "2017.02.04"]
[Round "6.18"]
[White "Moerenhout, Jean Claude"]
[Black "Autouard, Jean-Luc"]
[Result "1/2-1/2"]
[WhiteElo "1264"]
[BlackElo "1269"]
[PlyCount "105"]
[EventDate "2016.??.??"]
[WhiteTeam "Cercle d'Echecs Aubagnais"]
[BlackTeam "Cercle d'Echecs Aubagnais"]

1. d4 f5 2. Nf3 e6 3. e3 Nf6 4. Bd3 Be7 5. O-O d5 6. b3 O-O 7. Bb2 Nbd7 8. Nbd2
Nh5 9. Ne5 Nhf6 10. c4 c5 11. Qe2 Qe8 12. h3 Nxe5 13. dxe5 Ne4 14. cxd5 exd5
15. f4 Ng3 16. Qf3 Nxf1 17. Rxf1 Be6 18. Qg3 Qh5 19. Nf3 h6 20. Rc1 Rac8 21.
Bb5 a6 22. Bd7 Bxd7 23. e6 Bf6 24. Bxf6 Rxf6 25. exd7 Rd8 26. Ne5 b6 27. b4 c4
28. Rb1 Qe2 29. b5 a5 30. a4 c3 31. Re1 Qd2 32. Kh2 c2 33. Nf3 Qc3 34. Rc1 Qb2
35. Qe1 Rxd7 36. Ne5 Rc7 37. Qd2 Qb3 38. Nc6 Qxa4 39. Qxd5+ Kh7 40. Qd8 Rff7
41. Ne5 Rfe7 42. Qd6 Qxb5 43. Rxc2 Rxc2 44. Qg6+ Kg8 45. Qxf5 Qd5 46. Qxc2 Re8
47. Qg6 Rf8 48. Qxb6 Qe4 49. Qe6+ Kh7 50. Qg4 Qxe3 51. Qg6+ Kg8 52. Qe6+ Kh7
53. Ng6 1/2-1/2

[Event "Open Est 2016-2017"]
[Site "Aubagne"]
[Date "2017.02.04"]
[Round "6.19"]
[White "Piquemal, Maxence"]
[Black "Labriaud, Gilles"]
[Result "1-0"]
[WhiteElo "1348"]
[BlackElo "1461"]
[PlyCount "93"]
[EventDate "2016.??.??"]
[WhiteTeam "Marseille Echecs"]
[BlackTeam "La Ciotat Echecs (LCE)"]

1. e4 c5 2. Nf3 Nc6 3. Bc4 d6 4. O-O Nf6 5. d3 g6 6. h3 Bg7 7. Nc3 O-O 8. Be3
h6 9. Qd2 Kh7 10. Rab1 Bd7 11. Ne2 a6 12. a3 b5 13. Ba2 a5 14. Nf4 e6 15. c3 b4
16. g4 bxc3 17. bxc3 Ng8 18. d4 cxd4 19. cxd4 f5 20. gxf5 exf5 21. Bd5 Nge7 22.
h4 fxe4 23. Bxe4 Bf5 24. Bxf5 Rxf5 25. Qe2 Nd5 26. Nxd5 Rxd5 27. Qd3 Qf6 28.
Qe4 Ne7 29. Rb7 Bf8 30. Rxe7+ Bxe7 31. Qxd5 Rf8 32. Kg2 a4 33. Rb1 Rg8 34. Qe4
Kh8 35. Bxh6 Qf5 36. Re1 Bf6 37. Qxf5 gxf5+ 38. Bg5 Bxg5 39. Nxg5 d5 40. Re5
Rb8 41. Rxd5 Rb3 42. Rxf5 Rxa3 43. Ra5 Kg7 44. Ne6+ Kf6 45. Nc5 Kf5 46. Rxa4
Rd3 47. Nd7 1-0

[Event "Open Est 2016-2017"]
[Site "Aubagne"]
[Date "2017.02.04"]
[Round "6.20"]
[White "Guidini, Rene"]
[Black "Vicari-Vento, Salvatore"]
[Result "0-1"]
[WhiteElo "1313"]
[BlackElo "1436"]
[PlyCount "114"]
[EventDate "2016.??.??"]
[WhiteTeam "Cercle d'Echecs Aubagnais"]
[BlackTeam "Cercle d'Echecs Aubagnais"]

1. e4 c5 2. Nf3 d6 3. d4 cxd4 4. Nxd4 Nf6 5. Nc3 a6 6. Bc4 e6 7. Bb3 Be7 8. Be3
b5 9. a3 Bb7 10. Qd3 O-O 11. h3 Re8 12. O-O Nc6 13. Nxc6 Bxc6 14. Rfe1 h6 15.
Rad1 Qc7 16. Bf4 e5 17. Bg3 Qb7 18. Bd5 Bxd5 19. Nxd5 Nxd5 20. exd5 Bf6 21. c3
Rac8 22. Re4 Qe7 23. Rde1 Qb7 24. b4 Qc7 25. Rc1 Bg5 26. f4 exf4 27. Bxf4 Rxe4
28. Qxe4 Bxf4 29. Qxf4 Qe7 30. Kh1 Rc4 31. Qf3 g5 32. Rf1 Rf4 33. Qd1 Rxf1+ 34.
Qxf1 Qe5 35. c4 bxc4 36. Qxc4 Qa1+ 37. Kh2 Qxa3 38. b5 axb5 39. Qxb5 Qc5 40.
Qe8+ Kg7 41. Qe4 Qf2 42. Qd3 Qf4+ 43. Kh1 Qe5 44. Qf3 f5 45. Kg1 Kg6 46. Qd3
Qe4 47. Qd1 f4 48. Kh2 h5 49. Kh1 Qf5 50. Kh2 g4 51. hxg4 hxg4 52. Kg1 Kg5 53.
Qd2 g3 54. Qd1 Qe4 55. Kf1 Kh4 56. Qb3 Qd4 57. Qa2 Qd1# 0-1

[Event "Open Est 2016-2017"]
[Site "Aubagne"]
[Date "2017.02.04"]
[Round "6.21"]
[White "Cureau, Dominique"]
[Black "Benezra, Silke"]
[Result "1-0"]
[WhiteElo "1405"]
[BlackElo "1353"]
[PlyCount "109"]
[EventDate "2016.??.??"]
[WhiteTeam "Echiquier Marseillais 1872"]
[BlackTeam "L'Echiquier du Roy René"]

1. c4 e5 2. Nc3 Nf6 3. Nf3 e4 4. Ng5 d5 5. cxd5 e3 6. dxe3 h6 7. Nf3 Bb4 8. Bd2
O-O 9. Qb3 Bxc3 10. Bxc3 Bf5 11. Rd1 b6 12. g3 Be4 13. Bg2 Bxd5 14. Qc2 Qc8 15.
Bxf6 Bxf3 16. Bxf3 gxf6 17. Bxa8 c6 18. O-O Qe6 19. b3 Rc8 20. Rd2 Na6 21. Bb7
Nb4 22. Qc3 Nd5 23. Qb2 Rb8 24. Ba6 b5 25. Rfd1 Rb6 26. Qa3 Rb8 27. Rd4 f5 28.
Qc5 Rb6 29. Bxb5 Rxb5 30. Qxa7 Rb6 31. Qa8+ Kg7 32. Qa3 Nc3 33. R1d2 Nb5 34.
Qb2 Nxd4 35. Qxd4+ Kg6 36. Qxb6 Kg5 37. h4+ Kg4 38. Qd4+ Kh3 39. Qd6 Qe4 40. f3
Qxe3+ 41. Kf1 Kh2 42. Qd4 Qxd4 43. Rxd4 Kxg3 44. h5 c5 45. Rc4 f6 46. a4 Kh2
47. a5 Kg3 48. a6 f4 49. Rxc5 Kh4 50. a7 f5 51. Rxf5 Kg3 52. a8=Q Kh4 53. Qd8+
Kh3 54. Rxf4 Kg3 55. Qh4# 1-0

[Event "Open Est 2016-2017"]
[Site "Aubagne"]
[Date "2017.02.04"]
[Round "6.22"]
[White "Cotton, Paul"]
[Black "Besucco, Guy"]
[Result "0-1"]
[WhiteElo "1391"]
[BlackElo "1345"]
[PlyCount "95"]
[EventDate "2016.??.??"]
[WhiteTeam "Cercle d'Echecs Aubagnais"]
[BlackTeam "La Ciotat Echecs (LCE)"]

1. Nf3 d6 2. g3 Nf6 3. Bg2 g6 4. d3 Bg7 5. Nbd2 O-O 6. O-O Nc6 7. Rb1 Rb8 8. c4
Re8 9. b3 e5 10. Bb2 h6 11. a3 Bf5 12. Rc1 Ne7 13. Rc2 c5 14. Qa1 Nc6 15. Re1
Nd4 16. Nxd4 exd4 17. Nf3 Ng4 18. b4 b6 19. Nh4 Bd7 20. Bd5 Be6 21. Bf3 g5 22.
Ng2 Ne5 23. Bh5 Rf8 24. Rd2 Bf5 25. f4 Ng6 26. e3 Bh3 27. exd4 Bxg2 28. Rxg2
Rb7 29. dxc5 Bxb2 30. Qxb2 bxc5 31. Bf3 Rb6 32. fxg5 Qxg5 33. Rge2 Ne5 34. Be4
Ng6 35. Kh1 Rbb8 36. Bd5 Ne5 37. Qc3 Qf5 38. Be4 Qg5 39. d4 Nd7 40. dxc5 dxc5
41. b5 Rbe8 42. Bh7+ Kxh7 43. Rxe8 Rxe8 44. Rxe8 Nf6 45. Re7 Qg6 46. Kg2 Kg8
47. Qf3 h5 48. h3 0-1

[Event "Open Est 2016-2017"]
[Site "Aubagne"]
[Date "2017.02.04"]
[Round "6.23"]
[White "Reynaud, Jacques"]
[Black "Lognos, Lina"]
[Result "0-1"]
[WhiteElo "1390"]
[BlackElo "1043"]
[PlyCount "46"]
[EventDate "2016.??.??"]
[WhiteTeam "Cercle d'Echecs Aubagnais"]
[BlackTeam "Cercle d'Echecs Aubagnais"]

1. d4 d6 2. g3 g6 3. Bg2 Bg7 4. c4 c5 5. e3 cxd4 6. exd4 Nf6 7. Nc3 a6 8. a4
O-O 9. Nge2 Qc7 10. Qb3 Rd8 11. O-O Nbd7 12. Re1 e5 13. Bg5 h6 14. Be3 Ng4 15.
dxe5 Ndxe5 16. Bb6 Qxc4 17. Qxc4 Nxc4 18. Bxd8 Nxb2 19. Ba5 Nc4 20. Bb4 a5 21.
Ba3 Ra7 22. Bc1 Bd7 23. Rb1 Bc6 0-1

[Event "Open Est 2016-2017"]
[Site "Aubagne"]
[Date "2017.02.04"]
[Round "6.24"]
[White "Turpin, Isabelle"]
[Black "Georgesoglou, Bruno"]
[Result "0-1"]
[WhiteElo "1189"]
[BlackElo "1399"]
[PlyCount "60"]
[EventDate "2016.??.??"]
[WhiteTeam "Cercle d'Echecs Aubagnais"]
[BlackTeam "Hay Chess"]

1. d4 Nf6 2. c4 e6 3. e3 Bb4+ 4. Bd2 Nc6 5. a3 Be7 6. Bd3 d5 7. Nc3 e5 8. Qc2
exd4 9. Nb5 Bc5 10. exd4 Nxd4 11. Qc3 Qe7+ 12. Be3 Nxb5 13. cxb5 d4 14. Qb3
dxe3 15. f3 O-O 16. O-O-O Be6 17. Qc2 Rad8 18. Ne2 Rd6 19. g4 Rb6 20. g5 Nd7
21. Bxh7+ Kh8 22. h4 Rxb5 23. Nf4 Bxa3 24. Ng6+ fxg6 25. Qxg6 Bxb2+ 26. Kb1
Be5+ 27. Kc1 Qc5+ 28. Qc2 Bb2+ 29. Kb1 Ba3+ 30. Ka1 Qe5+ 0-1

[Event "Open Est 2016-2017"]
[Site "Aubagne"]
[Date "2017.02.04"]
[Round "6.25"]
[White "Fortoul, Alain"]
[Black "Lang, Alexandre"]
[Result "1-0"]
[WhiteElo "1220"]
[BlackElo "1399"]
[PlyCount "104"]
[EventDate "2016.??.??"]
[WhiteTeam "Club d'Echecs Pennois (CEP)"]
[BlackTeam "Cercle d'Echecs Aubagnais"]

1. e4 e5 2. Nf3 Nc6 3. Bc4 Nf6 4. Ng5 d5 5. exd5 Nxd5 6. Qf3 Qxg5 7. Bxd5 Qf6
8. Qxf6 gxf6 9. c4 Nb4 10. Kd1 Bf5 11. Nc3 c6 12. Be4 Be6 13. b3 O-O-O 14. a3
Na6 15. Kc2 f5 16. Bf3 Nc5 17. Rd1 e4 18. Be2 Nd3 19. Bxd3 exd3+ 20. Kb1 Bc5
21. f3 f4 22. Bb2 f5 23. Na4 Bd4 24. Bxd4 Rxd4 25. Kb2 b6 26. Kc3 Rd7 27. Re1
Bf7 28. Re5 Re8 29. Rxe8+ Bxe8 30. Re1 Bg6 31. Re5 Kc7 32. b4 Kd6 33. Re1 Bf7
34. Nb2 b5 35. c5+ Kc7 36. Nxd3 Bc4 37. Nxf4 Kb7 38. Re3 a5 39. Nd3 axb4+ 40.
axb4 Rg7 41. g3 Rg8 42. Re7+ Kc8 43. Rxh7 Bxd3 44. Kxd3 Rd8+ 45. Kc3 Rd5 46. h4
Kd8 47. h5 Ke8 48. h6 Kf8 49. Rc7 Kg8 50. Rxc6 Kh7 51. Rd6 Re5 52. Kc2 Re2 1-0

[Event "Open Est 2016-2017"]
[Site "Aubagne"]
[Date "2017.02.04"]
[Round "6.26"]
[White "Soulet, Kylian"]
[Black "Naam, Mourad"]
[Result "1-0"]
[WhiteElo "1204"]
[BlackElo "1399"]
[PlyCount "38"]
[EventDate "2016.??.??"]
[WhiteTeam "Cassis Echecs"]
[BlackTeam "Cassis Echecs"]

1. d4 d5 2. Nc3 e6 3. Bf4 Bd6 4. Bg3 Bxg3 5. hxg3 Nf6 6. e3 O-O 7. Nf3 Nc6 8.
Bb5 Qd7 9. Qd3 a6 10. Ne5 Qd6 11. e4 Nb4 12. Qe2 axb5 13. Nxb5 Qd8 14. a3 Bd7
15. O-O-O Ra5 16. Nxc7 Na2+ 17. Kb1 Qxc7 18. Nxd7 Nxd7 19. Qd3 b5 1-0

[Event "Open Est 2016-2017"]
[Site "Aubagne"]
[Date "2017.02.04"]
[Round "6.27"]
[White "Strate, Francois"]
[Black "Dektiannikov, Artiom"]
[Result "1-0"]
[WhiteElo "1323"]
[BlackElo "1199"]
[PlyCount "125"]
[EventDate "2016.??.??"]
[WhiteTeam "Sanary Echecs"]
[BlackTeam "Cassis Echecs"]

1. d4 d5 2. c4 e6 3. Nc3 dxc4 4. e3 Nc6 5. Bxc4 e5 6. d5 Na5 7. Qa4+ c6 8. dxc6
bxc6 9. Be2 Bd7 10. Qc2 Nf6 11. a3 Be6 12. b4 Nb3 13. Rb1 Nxc1 14. Rxc1 c5 15.
b5 c4 16. a4 Bb4 17. Bf3 Rc8 18. Nge2 O-O 19. O-O g6 20. h3 Bf5 21. Qb2 Ba5 22.
Ng3 Bd3 23. Rfd1 Qe7 24. Nge4 Nxe4 25. Nxe4 Bb4 26. Ra1 f5 27. Nc3 e4 28. Nd5
Qd7 29. Nxb4 exf3 30. Nxd3 cxd3 31. Qb3+ Qf7 32. Qxf7+ Rxf7 33. Rxd3 fxg2 34.
Kxg2 Kg7 35. Rd5 g5 36. a5 Rb8 37. Rc1 Rfb7 38. Rcc5 Ra8 39. Rxf5 h6 40. Kf3
Kg6 41. e4 a6 42. Rc6+ Kh5 43. Rff6 Rh7 44. Rxa6 Rxa6 45. Rxa6 Rg7 46. Rd6 g4+
47. hxg4+ Rxg4 48. Rxh6+ Kxh6 49. Kxg4 Kg6 50. a6 Kf6 51. a7 Ke5 52. a8=Q Kd4
53. Kf4 Kc5 54. Qc6+ Kd4 55. Qd5+ Kc3 56. Ke3 Kb4 57. Kd3 Ka3 58. Kc3 Ka4 59.
Qb3+ Ka5 60. b6 Ka6 61. b7 Ka5 62. b8=Q Ka6 63. Q8b6# 1-0

[Event "Open Est 2016-2017"]
[Site "Aubagne"]
[Date "2017.02.01"]
[Round "6.28"]
[White "Frontera, Pierre"]
[Black "Coppel, Victor"]
[Result "1-0"]
[WhiteElo "1305"]
[BlackElo "1150"]
[PlyCount "97"]
[EventDate "2016.??.??"]
[WhiteTeam "Cercle d'Echecs Aubagnais"]
[BlackTeam "L'Echiquier du Roy René"]

1. d4 Nf6 2. Nc3 d5 3. e3 g6 4. Be2 Bg7 5. Nf3 Bg4 6. h3 Bxf3 7. Bxf3 O-O 8.
O-O Nbd7 9. Rb1 c6 10. b4 b6 11. a4 a6 12. Qe2 Re8 13. Bb2 e6 14. e4 dxe4 15.
Nxe4 Nxe4 16. Bxe4 Qc7 17. Qf3 Rac8 18. c3 c5 19. Bb7 Rb8 20. Bxa6 cxd4 21.
cxd4 Qd6 22. Bb5 Bxd4 23. Rfd1 e5 24. Qg3 Re6 25. Qd3 Qxb4 26. Bxd4 Qxd4 27.
Qxd4 exd4 28. Bxd7 Rd6 29. Bb5 Rbd8 30. Rd3 Rc8 31. Rbd1 Rcd8 32. g4 Kg7 33.
Kg2 Kf6 34. f4 h5 35. Kg3 Ke6 36. Bc4+ Kf6 37. Kh4 hxg4 38. Kxg4 Kg7 39. Re1
Rc8 40. Bb5 Rc3 41. h4 Kh6 42. Red1 f5+ 43. Kf3 Re6 44. Kf2 Kh5 45. Rxd4 Rc2+
46. R4d2 Rxd2+ 47. Rxd2 Kxh4 48. Kf3 g5 49. Rh2# 1-0

[Event "Open Est 2016-2017"]
[Site "Aubagne"]
[Date "2017.02.04"]
[Round "6.29"]
[White "Ulloa, Philippe"]
[Black "Tramarin, Matteo"]
[Result "1-0"]
[WhiteElo "1297"]
[BlackElo "1145"]
[PlyCount "85"]
[EventDate "2016.??.??"]
[WhiteTeam "Club d'Echecs Pennois (CEP)"]
[BlackTeam "Cercle d'Echecs Aubagnais"]

1. d4 Nf6 2. c4 d5 3. Nc3 Nc6 4. h3 e6 5. a3 dxc4 6. Nf3 Bd6 7. e4 e5 8. d5 Na5
9. Bg5 h6 10. Bxf6 Qxf6 11. Qa4+ Bd7 12. Qxa5 a6 13. Bxc4 O-O 14. Ne2 b5 15.
Bd3 Rfb8 16. Qc3 b4 17. Qc2 a5 18. Qd1 Qg6 19. Ng3 Bc5 20. O-O Qf6 21. a4 b3
22. Bc4 Qf4 23. Qd3 Rb4 24. Ne2 Qf6 25. Nc3 Rab8 26. Nb5 c6 27. dxc6 Bxc6 28.
Nc7 Bxa4 29. Nd5 Qc6 30. Nxb4 Rxb4 31. Nxe5 Qf6 32. Nd7 Qg5 33. Nxc5 Qxc5 34.
Qd8+ Kh7 35. Bxf7 h5 36. Qg8+ Kh6 37. Qh8+ Kg5 38. Qxh5+ Kf6 39. Qxc5 Kxf7 40.
Qxa5 Rxe4 41. Rxa4 Re7 42. Qf5+ Kg8 43. Ra8+ 1-0

[Event "Open Est 2016-2017"]
[Site "Aubagne"]
[Date "2017.02.04"]
[Round "6.30"]
[White "Catanese, Sauveur"]
[Black "Periale, Albert"]
[Result "0-1"]
[WhiteElo "1120"]
[BlackElo "1296"]
[PlyCount "70"]
[EventDate "2016.??.??"]
[WhiteTeam "Cercle d'Echecs Aubagnais"]
[BlackTeam "Cercle d'Echecs Aubagnais"]

1. d4 d5 2. c4 e6 3. Nc3 Nf6 4. Nf3 c6 5. e3 Nbd7 6. Bd3 c5 7. O-O cxd4 8. exd4
b6 9. Re1 Bb7 10. Bg5 dxc4 11. Bxc4 Be7 12. h3 O-O 13. a3 h6 14. Bf4 Rc8 15.
Bd3 Re8 16. Bb5 a6 17. Bxd7 Qxd7 18. Ne5 Qd8 19. Be3 b5 20. Ne2 Qd5 21. f3 Qd8
22. b4 Bd6 23. Bf4 Nd5 24. Bg3 Ne3 25. Qd2 Bxe5 26. Qxe3 Bxg3 27. Nxg3 Qf6 28.
Rf1 Red8 29. Rad1 Rc4 30. Ne2 Rcc8 31. Ng3 Rd7 32. Ne4 Bxe4 33. Qxe4 Rcd8 34.
Qe5 Qxe5 35. dxe5 Rxd1 0-1

[Event "Open Est 2016-2017"]
[Site "Aubagne"]
[Date "2017.02.04"]
[Round "6.31"]
[White "Delaplace, Mathias"]
[Black "Piquemal, Jean Christophe"]
[Result "1-0"]
[WhiteElo "1224"]
[BlackElo "1272"]
[PlyCount "103"]
[EventDate "2016.??.??"]
[WhiteTeam "Marseille Echecs"]
[BlackTeam "Marseille Echecs"]

1. e4 d6 2. d4 Nf6 3. Nc3 g6 4. Bg5 Bg7 5. Nf3 O-O 6. Bc4 c5 7. O-O Nc6 8. d5
Ne5 9. Nxe5 dxe5 10. Qd2 a6 11. a4 Qb6 12. b3 Rd8 13. a5 Qd6 14. f4 h6 15. Bxf6
exf6 16. fxe5 fxe5 17. Qf2 Rf8 18. Na4 Rb8 19. Qxc5 Qxc5+ 20. Nxc5 f5 21. d6+
Kh8 22. d7 Rd8 23. dxc8=Q Rbxc8 24. Nxb7 Rd4 25. exf5 gxf5 26. Rxf5 Rf8 27.
Rxf8+ Bxf8 28. Bxa6 e4 29. Re1 Bb4 30. Re2 Bd2 31. Nc5 e3 32. Bd3 Bxa5 33. Rxe3
Bd2 34. Re8+ Kg7 35. Ne6+ Kf7 36. Nxd4 Kxe8 37. Kf1 Be3 38. Nf5 Bf4 39. c4 Kf7
40. g3 Bg5 41. h4 Bd2 42. Ke2 Ba5 43. Nxh6+ Kg7 44. Nf5+ Kf6 45. g4 Ke5 46. h5
Bc3 47. h6 Kf4 48. c5 Kxg4 49. c6 Be5 50. h7 Kg5 51. c7 Bxc7 52. h8=Q 1-0

[Event "Open Est 2016-2017"]
[Site "Aubagne"]
[Date "2017.02.04"]
[Round "6.32"]
[White "Pietrac, Christian"]
[Black "Pegon, Claude"]
[Result "1-0"]
[WhiteElo "1229"]
[BlackElo "1094"]
[PlyCount "133"]
[EventDate "2016.??.??"]
[WhiteTeam "Club d'Echecs de Miramas"]
[BlackTeam "La Ciotat Echecs (LCE)"]

1. Nf3 c5 2. g3 d6 3. Bg2 g6 4. d3 Bg7 5. O-O Nf6 6. Nbd2 O-O 7. e4 Be6 8. e5
Nd5 9. exd6 Qxd6 10. Nc4 Qc6 11. c3 Nd7 12. Re1 Bg4 13. a4 Rae8 14. Qb3 e6 15.
Nce5 Nxe5 16. Nxe5 Bxe5 17. Rxe5 Rd8 18. c4 Qb6 19. Qxb6 Nxb6 20. Bf1 Nd7 21.
Re3 Rfe8 22. f3 Bf5 23. g4 Bxd3 24. Bxd3 f5 25. Re1 Kf7 26. Bg5 Nf6 27. Be2 Rh8
28. Rad1 Rde8 29. Bxf6 Kxf6 30. Rd7 Re7 31. g5+ Kf7 32. Red1 Rhe8 33. R1d6 Rb8
34. f4 h6 35. Kg2 hxg5 36. Rd2 g4 37. Rxe7+ Kxe7 38. Rd3 Kf6 39. Bf1 g5 40.
fxg5+ Kxg5 41. Kh1 e5 42. Rd5 g3 43. h3 Kf4 44. Kg2 e4 45. Rxc5 e3 46. Be2 Rd8
47. Rd5 Re8 48. h4 Rg8 49. b4 Ke4 50. Bd3+ Kf4 51. Rxf5+ Kg4 52. Rg5+ Rxg5 53.
hxg5 Kxg5 54. Kxg3 Kf6 55. Kf3 Ke6 56. Kxe3 Kd6 57. Kd4 Kc6 58. Be4+ Kb6 59.
a5+ Ka6 60. Bd3 b6 61. c5+ b5 62. Kd5 Kb7 63. Kd6 Ka6 64. Kd7 Kb7 65. c6+ Ka6
66. c7 Kb7 67. c8=Q# 1-0

[Event "Open Est 2016-2017"]
[Site "Aubagne"]
[Date "2017.02.04"]
[Round "6.33"]
[White "Cayrou, Fabien"]
[Black "Masson, Wally"]
[Result "0-1"]
[WhiteElo "1070"]
[BlackElo "1191"]
[PlyCount "70"]
[EventDate "2016.??.??"]
[WhiteTeam "Cassis Echecs"]
[BlackTeam "Cercle d'Echecs Aubagnais"]

1. d4 d5 2. Nc3 Nf6 3. Bf4 e6 4. Nf3 Bb4 5. e3 Ne4 6. Bd3 Nxc3 7. bxc3 Bxc3+ 8.
Kf1 Bxa1 9. Qxa1 O-O 10. Be5 b6 11. Rg1 Na6 12. Qd1 Nb4 13. h4 Nxd3 14. Qxd3 a5
15. Ng5 Ba6 16. Qxa6 Rxa6 17. Bf4 Qd7 18. g3 c5 19. Kg2 cxd4 20. exd4 f6 21.
Nf3 Qa4 22. Ne1 Qxd4 23. Rf1 Raa8 24. Kg1 g5 25. hxg5 e5 26. Be3 Qg4 27. gxf6
Rxf6 28. Nd3 Rf5 29. Bxb6 Rh5 30. f3 Qh3 31. Kf2 Rc8 32. Ne1 d4 33. a4 Qh2+ 34.
Ng2 Rxc2+ 35. Ke1 Qxg2 0-1

[Event "Open Est 2016-2017"]
[Site "Aubagne"]
[Date "2017.02.04"]
[Round "6.34"]
[White "Ralijaona, Emma"]
[Black "Timoner, Genevieve"]
[Result "0-1"]
[WhiteElo "1160"]
[BlackElo "1115"]
[PlyCount "80"]
[EventDate "2016.??.??"]
[WhiteTeam "Marseille Passion Echecs"]
[BlackTeam "Club d'Echecs Pennois (CEP)"]

1. e4 c5 2. Bc4 Nc6 3. Nf3 e6 4. c3 d6 5. d4 cxd4 6. cxd4 Nf6 7. d5 Na5 8. Bb3
e5 9. Ba4+ Bd7 10. Nc3 a6 11. b4 Nc4 12. b5 a5 13. Rb1 Be7 14. Bb3 Rc8 15. Bxc4
Rxc4 16. Rb3 O-O 17. b6 Ba4 18. Qd3 Qc8 19. Nxa4 Rxa4 20. Qd2 Qc5 21. O-O Nxe4
22. Qe3 Qxd5 23. Rd3 Qxa2 24. Rc3 f6 25. Rc7 Bd8 26. Rxb7 d5 27. Rb8 d4 28.
Qxe4 Rb4 29. b7 a4 30. Rc8 Qb3 31. Ba3 Rxb7 32. Bxf8 Kxf8 33. Rxd8+ Kf7 34.
Qd5+ Qxd5 35. Rxd5 Ke6 36. Rd8 Rb4 37. Rc1 d3 38. Rc6+ Kf5 39. Rdd6 Rb1+ 40.
Ne1 Rxe1# 0-1

[Event "Open Est 2016-2017"]
[Site "Aubagne"]
[Date "2017.02.04"]
[Round "6.35"]
[White "Belaid, Myriam"]
[Black "Burnel, Marie-France"]
[Result "0-1"]
[WhiteElo "1040"]
[BlackElo "1399"]
[PlyCount "84"]
[EventDate "2016.??.??"]
[WhiteTeam "Club Provence Echecs"]
[BlackTeam "Cercle d'Echecs Aubagnais"]

1. g3 Nc6 2. Bg2 e5 3. b3 Nf6 4. Bb2 d5 5. e3 e4 6. Ne2 b6 7. O-O Ng4 8. d3
exd3 9. cxd3 Be6 10. Nd2 Bd6 11. Bxg7 Rg8 12. Bb2 h5 13. Qc2 Na5 14. Nf4 Bxf4
15. exf4 Rc8 16. Rfe1 h4 17. f5 Qe7 18. fxe6 fxe6 19. Nf3 hxg3 20. fxg3 c6 21.
a3 Qc5+ 22. Qxc5 bxc5 23. b4 Nb7 24. Rxe6+ Kd7 25. Re2 Kc7 26. Rc1 Rge8 27.
bxc5 Rxe2 28. Be5+ Nxe5 29. Nd4 Nxd3 30. Rc3 Re1+ 31. Bf1 Nbxc5 32. Kg2 Rg8 33.
Bxd3 Rd1 34. Rxc5 Rxd3 35. Rxc6+ Kb7 36. a4 Rxd4 37. a5 Kxc6 38. Kf3 Rb8 39.
Ke3 Kc5 40. h4 Rb3+ 41. Kf2 Rd2+ 42. Kg1 Rb1# 0-1